Score 0/20 Timer 06:00
8 Plays Today
Column Food % Correct
Corn
99.6%
Cherries
99.4%
Chocolate
98.5%
Carrots
98.2%
Cupcake
98%
Coconut
97.7%
Cucumber
96.2%
Cabbage
94%
Cauliflower
93.1%
Cashews
92.8%
Column Food % Correct
Cinnamon
91.2%
Clams
87.6%
Croissant
87.4%
Cheeseburger
85.6%
Crêpe
83.8%
Celery
79.8%
Cranberries
77.1%
Couscous
66.8%
Churros
66.4%
Chickpeas
59.5%
Remove Ads.
Support Sporcle.
Get the best of Sporcle when you Go Orange. This ad-free experience offers more features, more stats, and more fun while also helping to support Sporcle. Thank you for becoming a member.

You're not logged in!

Compare scores with friends on all Sporcle quizzes.
OR
Log In

Show Comments

Extras

Top Quizzes Today


Score Distribution

Your Account Isn't Verified!

In order to create a playlist on Sporcle, you need to verify the email address you used during registration. Go to your Sporcle Settings to finish the process.

Report this User

Report this user for behavior that violates our Community Guidelines.

Details: